|
|
|
|
| LEADER |
01214nam a22002657a 4500 |
| 001 |
36027 |
| 003 |
BD-DhAAL |
| 005 |
20220220123443.0 |
| 008 |
200226t2006 fr a|||| b||| 001 0 eng d |
| 999 |
|
|
|c 42260
|d 42260
|
| 020 |
|
|
|a 9789231040412
|
| 040 |
|
|
|a BD-DhAAL
|
| 082 |
|
|
|a 372.21
|
| 245 |
|
|
|a Strong foundations :
|b early childhood, care and education /
|c Unesco
|
| 260 |
|
|
|a Paris :
|b Unesco,
|c 2006
|
| 300 |
|
|
|a x, 390 pages :
|b illustrations ;
|c 28 cm.
|
| 504 |
|
|
|a Includes bibliographical references (pages 354-373) and index.
|
| 526 |
|
|
|a BIED
|
| 541 |
|
|
|a Complimentary copy from BIED
|e 36027
|
| 650 |
|
|
|a Education, Preschool.
|9 39605
|
| 650 |
|
|
|a Education
|x Aims and objectives.
|9 39606
|
| 852 |
|
|
|a Ayesha Abed Library
|c BIED Collection
|
| 942 |
|
|
|2 ddc
|c BK
|
| 952 |
|
|
|0 0
|1 0
|2 ddc
|4 0
|6 372_210000000000000_STR
|7 0
|9 68014
|a BRACUL
|b BRACUL
|c GEN
|d 2020-02-26
|e Complimentary copy from BIED
|l 0
|o 372.21 STR
|p 3010036027
|r 2020-02-26
|t 1
|w 2020-02-26
|y BK
|x Transferred from BIED to General Stacks
|
| 952 |
|
|
|0 0
|1 0
|2 ddc
|4 0
|6 372_210000000000000_STR
|7 0
|9 69837
|a BRACUL
|b BRACUL
|c GEN
|d 2022-02-20
|e Complimentary copy from BIED
|l 0
|o 372.21 STR
|p 3010037775
|r 2022-02-20
|t 2
|w 2022-02-20
|y BK
|x Transferred from BIED to General Stacks
|